Harry Potter y la cámara secreta

Sparad:
Bibliografiska uppgifter
Huvudupphovsman: Rowling, Joanne K (Författare, medförfattare)
Materialtyp: Bok
Språk:spanska
Publicerad: Barcelona Emecé 2000
Ämnen:
Taggar: Lägg till en tagg
Inga taggar, Lägg till första taggen!

MARC

LEADER 00000nam a2200000 a 4500
001 UCN3054
003 CL-VaPUC
008 010615e20000000SP |||||||||||||||||spa|d
082 0 4 |a 823  |b ROW  |2 21 
100 0 |a Rowling, Joanne K  |e author  |9 459471 
245 1 0 |a Harry Potter y la cámara secreta 
300 |a 291 p 
942 |c BK 
945 |d 20010615 00:00:00  |a vberengu 
260 |a Barcelona  |b Emecé  |c 2000 
650 0 |a Novelas inglesas  |9 265220 
650 0 |a Literatura juvenil   |9 309909 
583 |a last modification  |c 20010615 00:00:00  |k Rodrigo Vera 
999 |c 296065  |d 296063 
952 |0 0  |1 0  |4 0  |6 823_000000000000000_ROW_2000  |7 0  |8 A  |9 349559  |a BIBEDU  |b BIBEDU  |d 2019-11-20  |i 3733408  |l 4  |o 823 ROW 2000  |p 3733408  |r 2022-05-02  |s 2022-05-02  |w 2019-11-20  |y BK  |k BME